Countries With A Letter Worth More Than 5 Points In Scrabble - Statistics

General Stats
  • This quiz has been taken 111 times
  • The average score is 16 of 26
Answer Stats
Country % Correct
Zambia
90%
Zimbabwe
86%
Azerbaijan
79%
Qatar
79%
Mozambique
77%
Uzbekistan
77%
Kazakhstan
76%
Kyrgyzstan
74%
Tajikistan
71%
Brazil
69%
Jamaica
69%
Mexico
69%
Japan
66%
Venezuela
63%
New Zealand
62%
Luxembourg
61%
Jordan
59%
Belize
48%
Fiji
48%
Switzerland
45%
Czech Republic
43%
Djibouti
43%
Iraq
43%
Bosnia andHerzegovina
40%
Equatorial Guinea
39%
Tanzania
39%
No matching quizzes found
Score Distribution
Percent of People with Each Score
Percentile by Number Answered
Your Score History
You have not taken this quiz